| 000 | 00815nam a2200205Ia 4500 | ||
|---|---|---|---|
| 003 | GCL | ||
| 008 | 140319s9999 xx 000 0 ara d | ||
| 040 |
_aGCL / _cGCL |
||
| 082 | 0 | 4 |
_a811.008 _bا م |
| 100 | 1 | _aابن الشجرى : ابوالسعادات هبة الله بن على بن محمد بن حمزة العلوى الحسنى | |
| 245 | 1 | 0 |
_aمختارات شعراء العرب / _cابن الشجرى : ابوالسعادات هبة الله بن على بن محمد بن حمزة العلوى الحسنى |
| 700 | 1 | _aعلى محمد البجاوى | |
| 300 | _a606 | ||
| 490 |
_aكتاب _v0 |
||
| 650 | 0 | 4 | _aالادب العربى |
| 650 | 0 | 4 | _aدواوين وقصائد |
| 650 | 0 | 4 | _aالشعراء العرب |
| 650 | 0 | 4 | _aالشعر العربى - تاريخ ونقد |
| 942 |
_2ddc _cBK |
||
| 999 |
_c41772 _d41772 |
||